• 首页
  • 本馆介绍
  • 公告通知
  • 最新文献
  • 馆藏检索
  • 电子资源
  • 读者导购
  • 参考咨询
  • 我的图书馆
  • 登录
  • 详细信息显示
  • 放入我的书架
  • 预约/预借图书
  • 作者相关作品
  • 分类相关作品
  • 丛书相关作品
  • 出版社相关作品

书目信息

  • 表格格式
  • 工作单格式
  • 卡片格式
题名:
穿越时空的古琴艺术
    
 
作者: 李松兰, 著
分册:  
出版信息: 北京   中国社会科学出版社  2015.1
页数: 290页
开本: 24cm
丛书名:
单 册:
中图分类: J632.31
科图分类:
主题词: 古琴--gu qin--艺术--中国
电子资源:
ISBN: 978-7-5161-5470-0
000 01056nam0 22002651 450
001 0124140230
005 20170324140230.0
010    @a978-7-5161-5470-0@dCNY66.00
100    @a20150626d2015 kemy0chiy50 ea
101 0  @achi@deng
102    @aCN@b110000
105    @aa a 001yy
106    @ar
200 1  @a穿越时空的古琴艺术@9chuan yue shi kong de gu qin yi shu@e蜀派历史与现状研究@f李松兰著
210    @a北京@c中国社会科学出版社@d2015.1
215    @a290页@c图@d24cm
300    @a四川师范大学学术著作出版基金资助 四川省教育厅科研重点项目
320    @a有书目 (第267-287页)
330    @a本书主要包括摘要、绪论、琴派意识寻踪、巴蜀琴文化遗存、蜀派的形成与特点、蜀派的现状、背景、缘起与研究意图、研究综述、研究方法、研究思路、关键词释义、地域风格意识主导期——春秋时期的琴派意识等内容。
517 1  @a蜀派历史与现状研究@9shu pai li shi yu xian zhuang yan jiu
606 0  @a古琴@9gu qin@x艺术@y中国
690    @aJ632.31@v5
701  0 @a李松兰,@9li song lan ,@f1977-@4著
801  0 @aCN@bTANGWEI@c20170308
905    @b0962443-6@dJ632.31@e115@f4
    
    穿越时空的古琴艺术:蜀派历史与现状研究/李松兰著 .-北京:中国社会科学出版社,2015.1
    290页:图;24cm
    四川师范大学学术著作出版基金资助 四川省教育厅科研重点项目
    
    ISBN 978-7-5161-5470-0:CNY66.00
    本书主要包括摘要、绪论、琴派意识寻踪、巴蜀琴文化遗存、蜀派的形成与特点、蜀派的现状、背景、缘起与研究意图、研究综述、研究方法、研究思路、关键词释义、地域风格意识主导期——春秋时期的琴派意识等内容。
●
相关链接 在E读中查询图书 在五车中查询图书 在当当中查询图书 在豆瓣中查询图书


正题名:穿越时空的古琴艺术     索取号:J632.31/115         预约/预借

序号 登录号 条形码 馆藏地/架位号 状态 备注
1 0962443   209624432   第一样本阅览室/ [索取号:J632.31/115] 在馆    
2 0962444   209624441   第一借阅区/ [索取号:J632.31/115] 在馆    
3 0962445   209624450   第一借阅区/ [索取号:J632.31/115] 在馆    
4 0962446   209624469   第一借阅区/ [索取号:J632.31/115] 在馆    
唐山师范学院图书馆 欢迎您!
大连网信软件有限公司© 版权所有